[Event "AUTO-OPEN-1965"]
[Site "http://www.queenalice.com/game.php?id=770383"]
[Date "2010.5.4"]
[Round "1"]
[White "cruzinpontiac"]
[Black "Blutigeroo"]
[Result "0-1"]
[WhiteElo "1222"]
[BlackElo "1852"]

1. d4 d5 2. Nc3 Nc6 3. e4 e6 4. exd5 exd5 5. Bb5 Bb4 6. Qe2+ Be6 7. Bxc6+ bxc6
8. Bd2 c5 9. dxc5 Qe7 10. O-O-O c6 11. Nf3 Bg4 12. Qxe7+ Nxe7 13. Rde1 Bxc5 14.
Be3 Bd6 15. Bd4 O-O 16. Be5 Nf5 17. Bxd6 Nxd6 18. Ne5 d4 19. Ne4 Nxe4 20. Rxe4
Rfe8 21. Rxg4 Rxe5 22. Rxd4 c5 23. Rd7 a5 24. Rhd1 g6 25. f4 Re2 26. R1d2 Rae8
27. Kd1 Re1# 0-1

[Event "AUTO-OPEN-1965"]
[Site "http://www.queenalice.com/game.php?id=770404"]
[Date "2010.5.4"]
[Round "1"]
[White "nuage"]
[Black "cruzinpontiac"]
[Result "1-0"]
[WhiteElo "1681"]
[BlackElo "1275"]

1. e4 e5 2. Nf3 d6 3. Bc4 Bg4 4. h3 Bh5 5. g4 Bg6 6. d3 h6 7. g5 Nc6 8. Nc3 Bh5
9. gxh6 Rxh6 10. Bxh6 Qf6 11. Bg5 Qxf3 12. Qxf3 Bxf3 13. Rg1 Nd4 14. Rc1 Ne7 15.
Kd2 f6 16. Be3 Nec6 17. Nd5 O-O-O 18. b4 b5 19. Bb3 Ne2 20. a4 Nxc1 21. Rxc1 Ne7
22. axb5 f5 23. Bg5 fxe4 24. b6 e3+ 25. Nxe3 d5 26. Nxd5 Bxd5 27. bxa7 Kb7 28.
Ra1 Ra8 29. Bxe7 Bxb3 30. Bxf8 Bxc2 31. Kxc2 Rxf8 32. a8=Q+ Rxa8 33. Rxa8 Kxa8
34. Kc3 Kb7 35. Kc4 Kc6 36. b5+ Kd6 37. f3 g5 38. d4 exd4 39. Kxd4 Kd7 40. Kd5
g4 41. hxg4 Ke7 42. Kc6 Kd8 43. g5 Ke7 44. Kxc7 Kf7 45. b6 Kg6 46. b7 Kxg5 47.
b8=Q Kf4 48. Qf8+ Ke3 49. Kc6 1-0

[Event "AUTO-OPEN-1965"]
[Site "http://www.queenalice.com/game.php?id=770405"]
[Date "2010.5.4"]
[Round "1"]
[White "cruzinpontiac"]
[Black "nuage"]
[Result "1-0"]
[WhiteElo "1318"]
[BlackElo "1704"]

1. d4 Nf6 2. Nc3 d5 3. Bg5 g6 4. Qd3 Bg7 5. h3 Bf5 6. Qb5+ Nc6 7. O-O-O O-O 8.
Qxb7 Na5 9. Qb4 Nc4 10. e4 Rb8 11. Qc5 Bxe4 12. Bxc4 dxc4 13. Bxf6 Bxf6 14. Nxe4
Rb6 15. Nxf6+ exf6 16. Nf3 Re8 17. Rhe1 Rxe1 18. Rxe1 Qb8 19. b3 cxb3 20. axb3
a5 21. Re7 a4 22. Nd2 Ra6 23. Qxc7 Qxc7 24. Rxc7 a3 25. Kb1 Re6 26. Ka2 Re2 27.
Nb1 Rxf2 28. Nxa3 Rxg2 29. Rc8+ Kg7 30. d5 Rd2 31. Rc5 f5 32. Nb5 f4 33. d6 f3
34. Rc3 f2 35. Rf3 Rxc2+ 36. Ka3 Rd2 37. Kb4 f5 38. Kc5 Kf6 39. Nd4 Ke5 40. Re3+
Kf4 41. Rf3+ Ke4 42. Rxf2 Rxd4 43. Re2+ Kd3 44. Rd2+ Kxd2 45. Kxd4 f4 46. Ke4 g5
47. Kf3 h5 48. d7 h4 49. d8=Q+ Ke1 50. Qxg5 Kd1 51. b4 Ke1 52. b5 Kf1 53. b6 Ke1
54. b7 Kd1 55. Qg1+ Kd2 56. b8=Q Kd3 57. Qb5+ Kd2 58. Qb4+ Kc2 59. Qg2+ Kc1 60.
Qgd2# 1-0

[Event "AUTO-OPEN-1965"]
[Site "http://www.queenalice.com/game.php?id=770418"]
[Date "2010.5.4"]
[Round "1"]
[White "cruzinpontiac"]
[Black "azad_m"]
[Result "0-1"]
[WhiteElo "1384"]
[BlackElo "1712"]

1. d4 d5 2. e3 Nf6 3. h3 Bf5 4. Nc3 Nc6 5. Bb5 e6 6. a3 Bd6 7. Nf3 O-O 8. Bxc6
bxc6 9. g4 Bg6 10. Bd2 c5 11. dxc5 Bxc5 12. Ne5 Bd6 13. Nxg6 fxg6 14. Qe2 c5 15.
O-O-O c4 16. Nb5 Ne4 17. Nxd6 Qxd6 18. Bb4 Nc5 19. e4 Qf4+ 20. Qe3 Qxf2 21. Qxf2
Rxf2 22. Bxc5 Rf7 23. Rhf1 Rc7 24. Bd6 Rc6 25. e5 h5 26. Kb1 Kh7 27. g5 a5 28.
Rf7 Rd8 29. Re7 c3 30. b3 d4 31. a4 Rf8 32. Rxd4 Rf3 33. Rxe6 Rxh3 0-1

[Event "AUTO-OPEN-1965"]
[Site "http://www.queenalice.com/game.php?id=770419"]
[Date "2010.5.4"]
[Round "1"]
[White "azad_m"]
[Black "cruzinpontiac"]
[Result "1-0"]
[WhiteElo "1695"]
[BlackElo "1379"]

1. e4 e5 2. Nf3 d6 3. Nc3 Bg4 4. Be2 h6 5. d4 exd4 6. Nxd4 Bxe2 7. Qxe2 Be7 8.
O-O Bg5 9. Nf5 Bf6 10. Nd5 c6 11. Nxf6+ Qxf6 12. Re1 Ne7 13. Rb1 O-O 14. b3 Re8
15. Qg4 Nxf5 16. Bb2 Qe6 17. h3 h5 18. Qxf5 Qxf5 19. exf5 Nd7 20. f3 Rxe1+ 21.
Rxe1 Kf8 22. g4 h4 23. c4 f6 24. Kg2 c5 25. Rd1 Ke7 26. Re1+ Kd8 27. Re6 Kc7 28.
Re7 Rg8 29. Bc3 Kd8 30. Re1 Ne5 31. Rd1 Kc7 32. f4 Nc6 33. g5 1-0

[Event "Challenge"]
[Site "http://www.queenalice.com/game.php?id=770531"]
[Date "2010.5.4"]
[Round "-"]
[White "adelio"]
[Black "cruzinpontiac"]
[Result "1-0"]
[WhiteElo "1392"]
[BlackElo "1280"]

1. c4 d5 2. d4 dxc4 3. Nf3 h6 4. e4 Bg4 5. Bxc4 e6 6. O-O c6 7. Nc3 Nf6 8. Qe2
Be7 9. Bf4 O-O 10. h3 Bh5 11. g4 Bg6 12. Bb3 b5 13. Bc2 Nh7 14. e5 Bg5 15. Nxg5
Nxg5 16. Kh2 Bxc2 17. Qxc2 Nf3+ 18. Kg3 Nxd4 19. Qe4 f5 20. Qh1 Ne2+ 21. Nxe2
Qd3+ 22. Qf3 Qxf3+ 23. Kxf3 fxg4+ 24. Kxg4 g5 25. Be3 Nd7 26. f4 Rf5 27. h4 gxh4
28. Kxh4 Kh7 29. Rad1 Nf8 30. Ng3 Ng6+ 31. Kh3 Rf7 32. Rf2 Rg8 33. Rh1 Rf5 34.
Kg2 Rf7 35. f5 Nxe5 36. Bxh6 Rg4 37. Bf4+ Kg8 38. Bxe5 exf5 39. Rh8# 1-0

[Event "Challenge"]
[Site "http://www.queenalice.com/game.php?id=773294"]
[Date "2010.5.9"]
[Round "-"]
[White "Givanildo"]
[Black "cruzinpontiac"]
[Result "1/2-1/2"]
[WhiteElo "1491"]
[BlackElo "1254"]

1. e4 e5 2. d4 exd4 3. Qxd4 Nc6 4. Qd5 Nf6 5. Qg5 h6 6. Qe3 Ne5 7. h3 d6 8. f4
Nc6 9. Bb5 Bd7 10. c3 a6 11. Bc4 Na5 12. e5 Nxc4 13. Qe2 Nxe5 14. fxe5 dxe5 15.
Nf3 e4 16. Ne5 Qe7 17. Bf4 g5 18. Nxd7 Qxd7 19. Be5 Bg7 20. Bxf6 Bxf6 21. O-O
O-O-O 22. Qxe4 Qe6 23. Qc2 Qe3+ 24. Kh1 Qd3 25. Qxd3 Rxd3 26. Rxf6 Rd1+ 27. Kh2
Rh7 28. b4 Kd8 29. a4 c6 30. a5 Ke7 31. Rf2 Kd6 32. c4 h5 33. c5+ Ke5 34. Re2+
Kf4 35. Rf2+ Ke3 36. Rf3+ Kd4 37. Nc3 Rxa1 38. Ne2+ Ke5 39. Re3+ Kf6 40. Rf3+
Kg7 41. h4 gxh4 42. Rh3 Kf8 43. Rxh4 Ra2 44. Nf4 Rb2 45. Nd3 Rd2 46. Ne5 Rg7 47.
Rxh5 Rdxg2+ 48. Kh3 Rb2 49. Nd7+ Ke7 50. Ne5 Rb3+ 51. Kh4 Rxb4+ 52. Ng4 Rbxg4+
53. Kh3 Rg3+ 54. Kh2 Rg2+ 55. Kh1 Rg1+ 56. Kh2 R7g2+ 57. Kh3 Rg3+ 58. Kh4 Rg4+
59. Kh3 R1g3+ 60. Kh2 Rg2+ 61. Kh3 Ke6 62. Rh6+ f6 63. Rxf6+ Kxf6 1/2-1/2

[Event "Challenge"]
[Site "http://www.queenalice.com/game.php?id=773295"]
[Date "2010.5.9"]
[Round "-"]
[White "Givanildo"]
[Black "cruzinpontiac"]
[Result "0-1"]
[WhiteElo "1520"]
[BlackElo "1207"]

1. e4 e5 2. Bc4 d6 3. Qf3 Qf6 4. Qxf6 Nxf6 5. d3 h6 6. h3 a6 7. a4 Be6 8. Bxe6
fxe6 9. b4 Nc6 10. b5 Nb4 11. Na3 axb5 12. Nxb5 O-O-O 13. Rb1 Nxc2+ 14. Kd2 Nd4
15. Kc3 Nxb5+ 16. Rxb5 d5 17. g4 dxe4 18. g5 Nd5+ 19. Kb3 exd3 20. Bd2 c6 21.
Ra5 Nb6 22. Rxe5 Rd4 23. a5 Nc4 24. Kc3 c5 25. Rxe6 Bd6 26. gxh6 Nxd2 27. Kxd2
Bf4+ 28. Kd1 Rxh6 29. Re8+ Kd7 30. Rg8 g5 31. Nf3 Ra4 32. Rg7+ Kd6 33. Rxb7 Ra1+
34. Rb1 Rxb1# 0-1

[Event "Challenge"]
[Site "http://www.queenalice.com/game.php?id=773466"]
[Date "2010.5.10"]
[Round "-"]
[White "Milton"]
[Black "cruzinpontiac"]
[Result "0-1"]
[WhiteElo "1404"]
[BlackElo "1254"]

1. d4 d5 2. Bf4 h6 3. e3 a6 4. Nc3 Nf6 5. Nf3 Bg4 6. Be2 Nc6 7. O-O Qd7 8. Ne5
Nxe5 9. dxe5 Bxe2 10. Qxe2 Ne4 11. Nxe4 dxe4 12. Rad1 Qc6 13. Rd4 e6 14. Rfd1
Be7 15. Qd2 O-O 16. Rd7 Rad8 17. Rd4 Rxd4 18. Qxd4 Rd8 19. Qxd8+ Bxd8 20. Rxd8+
Kh7 21. Rf8 Qxc2 22. h3 Kg6 23. g4 Qb1+ 24. Kg2 Qxb2 25. a4 c5 26. a5 c4 0-1

[Event "Challenge"]
[Site "http://www.queenalice.com/game.php?id=773511"]
[Date "2010.5.10"]
[Round "-"]
[White "hgimenes"]
[Black "cruzinpontiac"]
[Result "1-0"]
[WhiteElo "1239"]
[BlackElo "1269"]

1. d4 d5 2. c4 dxc4 3. Nf3 h6 4. e4 e6 5. Nc3 Bb4 6. Bxc4 Nf6 7. Qd3 O-O 8. O-O
Bc5 9. dxc5 Qxd3 10. Bxd3 Rd8 11. Rd1 Nc6 12. Bf4 Nb4 13. Bc4 Rxd1+ 14. Rxd1 b5
15. Rd8+ Kh7 16. Bxb5 Bb7 17. Rxa8 Bxa8 18. a3 Nd3 19. Bxd3 c6 20. e5+ Ne4 21.
Bxe4+ g6 22. Nd4 Kg7 23. h4 1-0

[Event "Challenge"]
[Site "http://www.queenalice.com/game.php?id=773523"]
[Date "2010.5.10"]
[Round "-"]
[White "jamesxirb"]
[Black "cruzinpontiac"]
[Result "0-1"]
[WhiteElo "1221"]
[BlackElo "1244"]

1. e4 e5 2. Qh5 d6 3. Bc4 Qf6 4. Qe2 Be6 5. Bb5+ c6 6. Ba4 b5 7. Bb3 Bxb3 8.
cxb3 Nh6 9. Nf3 Be7 10. d3 Qg6 11. g3 O-O 12. Nh4 Bxh4 13. f3 Bg5 14. Bd2 Bxd2+
15. Nxd2 Qe6 16. h4 f5 17. f4 exf4 18. gxf4 fxe4 19. Rf1 Re8 20. dxe4 Qg4 21.
Qf2 Qe6 22. f5 Qf6 23. Rb1 Ng4 24. Qg3 Nh6 25. h5 Nd7 26. Rc1 Nc5 27. b4 Nxe4
28. Nxe4 Rxe4+ 29. Kd1 Rd4+ 30. Ke1 Re8+ 31. Kf2 Nxf5 32. Qb3+ Qf7 33. Qh3 Ne3+
34. Kg1 Nxf1 35. Rxf1 Rf4 36. h6 Qg6+ 37. Kh1 Rxf1+ 38. Qxf1 Qxh6+ 39. Kg1 Re3
40. Qf2 Qg5+ 41. Kh2 Rd3 42. Qe2 Qg3+ 43. Kh1 Qh3+ 44. Kg1 Rg3+ 45. Kf2 Rg2+ 46.
Ke1 Rxe2+ 47. Kxe2 Qh2+ 48. Ke1 Qxb2 49. Kd1 Qxb4 50. Kc1 h5 51. Kc2 h4 52. a3
Qxa3 53. Kd2 h3 54. Ke2 h2 55. Kf1 h1=Q+ 56. Ke2 Qaf3+ 57. Kd2 Qhd1# 0-1

[Event "Challenge"]
[Site "http://www.queenalice.com/game.php?id=777914"]
[Date "2010.5.19"]
[Round "-"]
[White "Givanildo"]
[Black "cruzinpontiac"]
[Result "1-0"]
[WhiteElo "1556"]
[BlackElo "1281"]

1. e4 e5 2. Bc4 Nc6 3. d3 h6 4. Qf3 Qf6 5. Qxf6 Nxf6 6. f3 Bb4+ 7. c3 Ba5 8. Be3
O-O 9. g4 g5 10. b4 Bb6 11. Bxb6 axb6 12. b5 Na5 13. a4 Nxc4 14. dxc4 c6 15. Nd2
cxb5 16. cxb5 d5 17. Ne2 dxe4 18. fxe4 Bxg4 19. Ng3 h5 20. Nf5 Bxf5 21. exf5
Rfd8 22. O-O-O Rxa4 23. Kb2 Ra5 24. c4 Rc8 25. h4 g4 26. Nb3 Raa8 27. Rd6 Ne8
28. Rxb6 Rxc4 29. Rxb7 Rb4 30. Rc1 Nd6 31. Re7 Nc4+ 32. Kc3 Raa4 33. Nc5 Rxb5
34. Nxa4 Ne3 35. Re8+ Kg7 36. f6+ Kxf6 37. Kd3 Nf5 38. Rc6+ Kg7 39. Nc3 Ra5 40.
Ke4 Ng3+ 41. Ke3 Nf1+ 42. Ke2 Nh2 43. Rcc8 Kf6 44. Ne4+ Kf5 45. Nd6+ Kf4 46.
Rc4+ Kg3 47. Nf5+ Kh3 48. Rc3+ Nf3 49. Kf2 Ra2+ 50. Ke3 f6 51. Rf8 Ra6 52. Rh8
g3 53. Kxf3 g2 54. Rg8 Ra2 55. Ne3 f5 56. Nxg2 e4+ 57. Kf4+ Kh2 58. Ne3 Rf2+ 59.
Ke5 f4 60. Ng4+ hxg4 61. Rxg4 Rf3 62. Rc2+ Kh3 63. Kf5 e3 64. Rc3 Rf2 65. h5 Kh2
66. h6 e2 67. Rh4+ Kg1 68. Rg4+ Rg2 69. Rc1+ Kf2 70. Rxf4+ Kg3 71. h7 Rh2 72.
Rg1+ Rg2 73. h8=Q e1=N 74. Qh4# 1-0

[Event "Challenge"]
[Site "http://www.queenalice.com/game.php?id=786468"]
[Date "2010.6.6"]
[Round "-"]
[White "pokerninja"]
[Black "cruzinpontiac"]
[Result "0-1"]
[WhiteElo "1334"]
[BlackElo "1346"]

1. a4 e5 2. d4 exd4 3. Qxd4 Nc6 4. Qe3+ Qe7 5. Nd2 Qxe3 6. fxe3 d5 7. e4 Nd4 8.
Kd1 dxe4 9. Nxe4 h6 10. c3 Nb3 11. Ra3 Bxa3 12. bxa3 Nxc1 13. Kxc1 b6 14. Nd2
Bf5 15. e4 Bd7 16. Bb5 O-O-O 17. Ba6+ Kb8 18. Ngf3 Bxa4 19. Nd4 Nf6 20. Kb2 g6
21. Nb5 Bxb5 22. Bxb5 Rxd2+ 23. Kc1 Ra2 24. Kb1 Rxg2 25. Rc1 Rxh2 26. c4 Nxe4
27. c5 Nxc5 28. Bc4 Rf2 29. Bxf7 Rxf7 0-1

[Event "Challenge"]
[Site "http://www.queenalice.com/game.php?id=786469"]
[Date "2010.6.6"]
[Round "-"]
[White "pride"]
[Black "cruzinpontiac"]
[Result "0-1"]
[WhiteElo "1337"]
[BlackElo "1350"]

1. e4 e5 2. Qg4 d6 3. Bb5+ Bd7 4. Qe2 Bxb5 5. Qxb5+ Nd7 6. Nc3 Rb8 7. d3 a6 8.
Qa5 h6 9. Nd5 c6 10. Nc7+ Ke7 11. g4 Ngf6 12. h4 Ne8 13. g5 Qxc7 14. Qd2 g6 15.
gxh6 Bxh6 16. f4 Bxf4 17. Qg2 Bxc1 18. Rxc1 Nef6 19. Nf3 Nh7 20. h5 Rbg8 21. Qh3
Kd8 22. b4 Kc8 23. a4 Kb8 24. c4 gxh5 25. a5 Ng5 26. Qf5 Nxf3+ 27. Qxf3 h4 28.
Kd1 f6 29. b5 Qxa5 30. bxc6 Qa4+ 31. Ke2 Rg3 32. Qf2 Qxc6 33. Rb1 Nc5 34. Qxf6
Rh7 35. Ra1 Rxd3 36. Qd8+ Ka7 37. Rhg1 Qxe4+ 38. Kf2 Qf3+ 39. Ke1 Qe3+ 40. Kf1
Rf7+ 41. Kg2 Rf2+ 42. Kh1 Qf3+ 43. Rg2 Qxg2# 0-1

[Event "Challenge"]
[Site "http://www.queenalice.com/game.php?id=792833"]
[Date "2010.6.20"]
[Round "-"]
[White "robertson"]
[Black "cruzinpontiac"]
[Result "0-1"]
[WhiteElo "1568"]
[BlackElo "1365"]

1. e4 e5 2. Qf3 Qf6 3. Qe3 Nc6 4. Nf3 h6 5. Nc3 d6 6. a3 Bg4 7. Nd5 Qd8 8. c3
Nf6 9. h3 Nxd5 10. Qe2 Nf4 11. Qb5 Bxf3 12. gxf3 Qd7 13. Qxb7 Rb8 14. Qa6 Ne6
15. b4 Rb6 16. Qa4 Be7 17. Qc2 O-O 18. d3 Bg5 19. h4 Bxc1 20. Qxc1 Nf4 21. Qc2
d5 22. Qa4 dxe4 23. d4 exf3 24. Qxa7 Nxa7 25. h5 exd4 26. c4 Re8+ 27. Kd2 d3 28.
Rh4 Qd4 29. Rb1 Qxc4 30. Rc1 Qa2+ 31. Kd1 Ne2 32. Rhc4 Nxc1 33. Rxc1 Qxa3 34.
Bh3 Qb3+ 35. Kd2 Re2# 0-1

[Event "Challenge"]
[Site "http://www.queenalice.com/game.php?id=793087"]
[Date "2010.6.21"]
[Round "-"]
[White "ifrozeup"]
[Black "cruzinpontiac"]
[Result "1-0"]
[WhiteElo "1727"]
[BlackElo "1381"]

1. Nf3 Nc6 2. Nc3 d5 3. d4 h6 4. e4 dxe4 5. Nxe4 Bg4 6. h3 Bxf3 7. gxf3 Qxd4 8.
Be3 Qxd1+ 9. Kxd1 O-O-O+ 10. Ke1 Nb4 11. Rc1 a6 12. Bc4 e6 13. c3 Nc6 14. Rd1
Rxd1+ 15. Kxd1 Kb8 16. Ke2 Na5 17. Rd1 Kc8 18. b3 Nxc4 19. bxc4 f5 20. Nc5 Bxc5
21. Bxc5 Nf6 22. Bd4 f4 23. Bxf6 Rg8 24. Rg1 g5 25. h4 Kd7 26. hxg5 hxg5 27.
Rxg5 Rxg5 28. Bxg5 e5 29. Kd3 c5 30. Ke4 Ke6 31. a4 b5 32. cxb5 1-0